Normal view
MARC view
- Hakeem Farugh Naeem Khan , Hakeem Doctor Hari Chand Multani
Entry Personal Name
001 - CONTROL NUMBER
- control field: 64314
003 - CONTROL NUMBER IDENTIFIER
- control field: NUST
005 - DATE AND TIME OF LATEST TRANSACTION
- control field: 20210628203244.0
008 - FIXED-LENGTH DATA ELEMENTS
- fixed length control field: 210628|| aca||aabn | a|a d
040 ## - CATALOGING SOURCE
- Original cataloging agency: NUST
- Transcribing agency: NUST
100 ## - HEADING--PERSONAL NAME
- Personal name: Hakeem Farugh Naeem Khan , Hakeem Doctor Hari Chand Multani
670 ## - SOURCE DATA FOUND
- Source citation: Work cat.: (NUST): Hakeem Farugh Naeem Khan , Hakeem Doctor Hari Chand Multani, Taj ul aaqakeer pakistan aur hindusatan ke jaree botian, 2010
